000 00434nam a22001697a 4500
005 20231103133452.0
008 231103b |||||||| |||| 00| 0 eng d
020 _a81-8416-008-9
041 _aeng
082 _a610
100 _aGOYAL, PROF.RAMESH.K AND OTHERS
_98225
245 _aA TEXTBOOK OF HOSPITAL PHARMACY [16TH. ED]
250 _a16TH, ED. [2023-2024]
260 _b B.S. SHAH PRAKASHAN
300 _a403;p
942 _cBK
999 _c8449
_d8447